Egypt yellow pages 2011.

Bibliographic Details
Format: Book
Published: [S.l]: Egypt Yellow Pages, 2011.
Subjects:
LEADER 00501cam a2200157 7i4500
001 0000026956
005 20111004090000.0
090 0 0 |a EGPT 910.2962   |b EGY 
245 0 0 |a Egypt yellow pages 2011. 
260 0 0 |a [S.l]:   |b Egypt Yellow Pages,   |c 2011. 
300 # # |a 818 p. 
650 0 0 |a Business --   |x Directories --   |z Egypt  
650 0 0 |a Telephone --   |x Directories --   |z Egypt  
650 0 0 |a Yellow pages --   |x Directories --   |z Egypt  
651 0 0 |a Egypt  
999 |a B000029084  |b Directories  |c Countries  |e Business Information Centre